• 首页
  • 本馆介绍
  • 公告通知
  • 最新文献
  • 馆藏检索
  • 电子资源
  • 读者导购
  • 参考咨询
  • 我的图书馆
  • 登录
  • 详细信息显示
  • 放入我的书架
  • 预约/预借图书
  • 作者相关作品
  • 分类相关作品
  • 丛书相关作品
  • 出版社相关作品

书目信息

  • 表格格式
  • 工作单格式
  • 卡片格式
题名:
防火与防爆工程
    
 
作者: 蔡芸 , 李孝斌 主编
分册:  
出版信息: 北京   中国质检出版社  2014
页数: 247页
开本: 26cm
丛书名:
单 册:
中图分类: X932
科图分类:
主题词: 防火--高等教育--教材 , 防爆--高等教育--教材
电子资源:
ISBN: 978-7-5026-3973-0
000 01024nam0 2200265 450
001 012015000786
005 20150911081936.78
010    @a978-7-5026-3973-0@dCNY43.00
100    @a20140702d2014 em y0chiy50 ea
101 0  @achi
102    @aCN@b110000
105    @ay z 000yy
106    @ar
200 1  @a防火与防爆工程@Afang huo yu fang bao gong cheng@f蔡芸,李孝斌主编
210    @a北京@c中国质检出版社@c中国标准出版社@d2014
215    @a247页@d26cm
300    @a“十二五”普通高等教育规划教材
330    @a本书从防火与防爆工程实际需求出发,着重论述了燃烧与爆炸理论基础,危险化学品燃烧和爆炸特性,防火与防爆各项通用技术与管理措施,以及建筑防火,石化企业、储罐区与堆场、仓储企业、采矿企业等典型工业企业防火防爆等内容。涵盖了防火与防爆相关的基本理论、基本技术和工程实践等方面。
606 0  @a防火@x高等教育@j教材
606 0  @a防爆@x高等教育@j教材
690    @aX932@v5
701  0 @a蔡芸@Acai yun@4主编
701  0 @a李孝斌@Ali xiao bin@4主编
801  0 @aCN@b碧洲教育@c20150718
905    @a10447@f4@dX932@e13
    
    防火与防爆工程/蔡芸,李孝斌主编.-北京:中国质检出版社:中国标准出版社,2014
    247页;26cm
    “十二五”普通高等教育规划教材
    
    ISBN 978-7-5026-3973-0:CNY43.00
    本书从防火与防爆工程实际需求出发,着重论述了燃烧与爆炸理论基础,危险化学品燃烧和爆炸特性,防火与防爆各项通用技术与管理措施,以及建筑防火,石化企业、储罐区与堆场、仓储企业、采矿企业等典型工业企业防火防爆等内容。涵盖了防火与防爆相关的基本理论、基本技术和工程实践等方面。
●
相关链接 在E读中查询图书 在五车中查询图书 在当当中查询图书 在豆瓣中查询图书


正题名:防火与防爆工程     索取号:X932/13         预约/预借

序号 登录号 条形码 馆藏地/架位号 状态 备注
1 0848038   208480384   第二样本阅览室/ [索取号:X932/13] 在馆    
2 0848039   208480393   第三借阅区/ [索取号:X932/13] 在馆    
3 0848040   208480400   第三借阅区/ [索取号:X932/13] 在馆    
4 0848041   208480419   第三借阅区/ [索取号:X932/13] 在馆    
唐山师范学院图书馆 欢迎您!
大连网信软件有限公司© 版权所有